000 00779nam a22002655i 4500
001 11491
003 ES-MaACL
005 20230906150118.0
007 t|
008 931124s1993 sp ||||0| spa j
020 _a84-7100-619-7
040 _aM-BN
_bspa
_cM-BN
080 _a9(=98:899)
100 1 _aPi Hugarte, Renzo.
_991722
245 1 4 _aLos indios de Urugay /
_cRenzo Pi Hugarte.
260 _aMadrid :
_bMAPFRE,
_cD.L. 1993.
300 _a355 p :
_bil ;
_c23 cm.
490 1 _aColección Indios de América ;
_v12
500 _aIndices.
504 _aBibliografía: p. [301]-347.
650 1 4 _aIndios de Uruguay-
_xHistoria.
_913705
830 0 _aColección Indios de América ;
_v12
_9179123
852 _aES-MaACL
_jL-18816
_bR.124193
999 _c11491
_d11491